Sports Quiz

Random Sports or Cricket Quiz

Top 20 T20 International run scorers (As of Mar '17) Quiz Stats

 Plays Quiz not verified by Sporcle

Challenge
Share
Tweet
Embed
Score 0/20 Timer 06:00
0 Plays Today
Country Player % Correct
New ZealandBrendon McCullum
90.3%
IndiaVirat Kohli
89.9%
West IndiesChris Gayle
87.2%
Sri-LankaMahela Jayawardene
79.7%
South AfricaAB de Villiers
79.6%
AustraliaDavid Warner
79.3%
IndiaRohit Sharma
79.2%
Sri-LankaKumar Sangakkara
77.4%
Sri-LankaTillakaratne Dilshan
75.3%
PakistanShahid Afridi
64.5%
Country Player % Correct
EnglandEoin Morgan
58.4%
AustraliaShane Watson
56.7%
IndiaSuresh Raina
54.4%
New ZealandMartin Guptill
48.4%
PakistanUmar Akmal
47.7%
PakistanMohammad Hafeez
39.2%
Afghanistan Mohammad Shahzad
38.5%
South AfricaJean-Paul Duminy
36.9%
ZimbabweH Masakadza
32%
PakistanShoaib Malik
24.2%

You're not logged in!

Compare scores with friends on all Sporcle quizzes.
Join for Free
OR
Log In

You Might Also Like...

Show Comments

Extras

Curator's Pick Jan 1, 2014SourceReportNominate
Tags:Cricket Quiz, player, t20, T20 Players

Top Quizzes Today


Score Distribution

Your Account Isn't Verified!

In order to create a playlist on Sporcle, you need to verify the email address you used during registration. Go to your Sporcle Settings to finish the process.

Report this User

Report this user for behavior that violates our Community Guidelines.

Details: